1531 1494 1785 1230 1913 1713 1412 1687 1731 1935 1464 1633 1784 1604 1719 1828 1567 1714 1619 1464 1737 1844 1336 1365 1573 1220 1682 1375 1120 1497 1991 1089 1646 1910 1747 1795 1549 1632 1169 1953 1297 1779 1025 1445 1132 1987 1266 1681 1880 1176 1963 1109 1609 1397 1739 1521 1523 1014 1454 1696 1401 1710 1759 1579 1981 1265 1726 1456 1116 1114 1203 1892 1935 1275 1366 1975 1653 1435 1074 1050 1769 2000 1690 1830 1309 1663 1579 1238 1461 1902 1483 1594 1560 1548 1042 1691 1914 1307 1146 BCNSPRNW ULIB Ver.6.0+V

เปลี่ยนเป็นภาษาไทย

Change to English
 แสดงรายละเอียดบรรณานุกรม
  กลับหน้าหลัก

Brief Record : Get Marc (ISO 2709) : E-mail record : QR code < ปิดหน้าต่าง
LEADER : 00000nam 2200000uu 4500
001    13399128677
003     ULIB
008    230928s||||||||th 000 0 tha d
020    ^a8856652048363
060    ^aWS440^bป541น
100    ^aป้านกใหญ่
245    ^aนิทานสร้างลักษณะนิสัย มีบทเรียนสอนใจ ให้เด็ก ๆ เห็นโทษของการไม่เชื่อผู้ใหญ่ นิทานเสริมสร้างพัฒนาการเพื่อลูกน้อย กระต่ายน้อยจอมเกเร : The Unruly Little Rabbit
250    ^aพิมพ์ครั้งที่ 1
260    ^aกรุงเทพฯ :^bบริษัท วรรณาพับลิชชิ่ง จำกัด,^cม.ป.ป.
300    ^a24 หน้า;^c19 ซม.
650    ^aนิทานเด็ก
945    ^p50^l0^i30050
999    ^aกัณชพร ุจุลอักษร
รายการนี้ยังไม่มีแท็ก
คุณยังไม่ได้ล็อกอิน คุณสามารถมีกิจกรรมร่วมกับเว็บไซต์ได้ แต่ต้องล็อกอินก่อน ::
  ล็อกอิน

รายการสื่อสารสนเทศ

ลำดับที่ ประเภท เลขเรียก/บาร์โค้ด สถานที่ สถานะ
1. วิทยาศาสตร์การแพทย์ และสุขภาพ
วิทยาศาสตร์การแพทย์ และสุขภาพ
WS440 ป541น ฉ.1 
  Barcode: 30050
ห้องสมุดวิทยาเขตนครสวรรค์
►หนังสือทั่วไป:l:General Books
บนชั้น

รายการใกล้เคียง
    ชื่อเรื่อง [นิทานสร้างลักษณะนิสัย มีบทเรียนสอนใจ ให้เด็ก ๆ เห็นโทษของการไม่เชื่อผู้ใหญ่ นิทานเสริมสร้างพัฒนาการเพื่อลูกน้อย กระต่ายน้อยจอมเกเร : The Unruly Little Rabbit]

    ผู้แต่ง [ป้านกใหญ่]

    หัวเรื่อง [นิทานเด็ก]

BibComment


ยังไม่เคยถูกคอมเมนท์

คอมเมนท์ทรัพยากรรายการนี้
  คอมเมนท์: นิทานสร้างลักษณะ..


 Copyright 2026. Bcnsprnw @Library